| 000 | 00428pab a2200157 454500 | ||
|---|---|---|---|
| 008 | 180718b2007 xxu||||| |||| 00| 0 eng d | ||
| 100 | _aHwang, Won-Gyu | ||
| 245 | _aNetworking regions amidst globalization: trends, case analysis, and strategies | ||
| 260 | _c2007 | ||
| 300 | _ap.105-25. | ||
| 650 | _aGlobalization | ||
| 650 | _aNetwork analysis | ||
| 773 | _aRegional Development Studies | ||
| 908 | _aN | ||
| 909 | _a82023 | ||
| 999 |
_c82023 _d82023 |
||